00420nam a2200157Ia 4500008004100000020001800041041000800059082001700067100002000084245005400104260003500158300000900193500002000202650002000222700002000242230125s9999 xx 000 0 und d a0-02-929270-0 aeng a920.650bSCH aSchonberger R J aWord class manufacturing-the lesson of simplicity c1986bThe free pressaNew York a253p aCompany profile aCompany Profile aSchonberger R J